| 000 | 01077nam a22002057a 4500 | ||
|---|---|---|---|
| 999 |
_c59400 _d59400 |
||
| 003 | Ge_BSU | ||
| 005 | 20230209152609.0 | ||
| 008 | 230209s2001 ge ||||| |||| 00| 0 geo d | ||
| 041 | _ageo | ||
| 080 | _a347.99(479.22)(042.4) + 342.565.2(479.22) ა-35 | ||
| 100 |
_aაქუბარდია, ირინა _d _99287 |
||
| 245 |
_a საქართველოს სასამართლო სისტემა : _b(ლექციები) / _cირინა ქუბარდია; [რედ.: აპოლონ ფალიაშვილი]. |
||
| 264 |
_aთბ. : _bმერიდიანი, _c2001. |
||
| 300 |
_a144გვ. ; _b20სმ. |
||
| 504 | _a ბიბლიოგრ.: გვ. 138-142. | ||
| 653 | _a საქართველოს სასამართლო სისტემა | ||
| 653 | _a საქართველოს საკონსტიტუციო სასამართლო | ||
| 700 |
_aფალიაშვილი, აპოლონ _eრედაქტორი _916874 |
||
| 942 |
_2udc _cBK |
||